000 01880nam a2200361 c 4500
001 57914
003 CO-BoRNBP
005 20250812195304.0
007 ta
008 141031s2011 sp a br 000 j spa
020 _a9788484700944
040 _aCO-BoRNBP
_bspa
_erda
_cCO-BoRNBP
041 1 _aspa
_hfre
043 _ae-fr---
084 _aA
100 _aCorentin,Philippe,
_d1936-
_eaut
245 1 1 _a¡Papá! /
_cPhilippe Corentin ; traducción al español: Anna Coll-Vinent.
250 _aCuarta edición
264 1 _aBarcelona, España :
_bEditorial Corimbo,
_c2011
300 _a28 páginas :
_bilustraciones a color
336 _atexto
_btxt
_2rdacontent
337 _asin mediación
_bn
_2rdamedia
338 _avolumen
_bnc
_2rdacarrier
520 _aEste texto les servirá a todos los pequeños porque se sentirán muy identificados con el tema que trata. En él se narra la historia de un niño que en repetidas veces se ve enfrentado al miedo de pensar que hay un monstruo debajo de su cama, lo que le produce un gran terror. Esta situación lo lleva a recurrir constantemente a la protección de su padre, el que deberá calmarlo y explicarle que los monstruos no existen y son parte de la imaginación de casi todos los pequeños. Pero sin embargo, la historia tiene un vuelco que realmente sorprenderá a todos. La lectura se acompaña de ilustraciones muy llamativas que hacen de la lectura un medio muy entretenido de aprendizaje y reforzamiento en el lenguaje
521 1 _aRecomendado para un público infantil mayor de 6 años
534 _tPapa
650 0 4 _aCuentos infantiles franceses
_ysiglo xx
_2LEMB
_91783
650 0 4 _aLiteratura infantil francesa
_ysiglo xx
_2LEMB
_91784
650 0 7 _aSueños en la literatura
_2LEMB
_92104
650 0 0 _aFamilia en la literatura
_2LEMB
_91235
700 _aColl Vinent, Anna
_etrl
942 _2loc
_cBKLITI
999 _c57914
_d57914